书目信息 |
| 题名: |
开演前后
|
|
| 作者: | 徐横夫 著 | |
| 分册: | ||
| 出版信息: | 大连 大连出版社 2013 |
|
| 页数: | 384页 | |
| 开本: | 24cm | |
| 丛书名: | ||
| 单 册: | ||
| 中图分类: | J692.4 , J692 | |
| 科图分类: | ||
| 主题词: | 音乐--yin yue--舞台演出--概况--大连市 | |
| 电子资源: | ||
| ISBN: | 978-7-5505-0422-6 | |
| 000 | 01041nam0 2200253 450 | |
| 001 | 2343705847 | |
| 005 | 20231205120901.91 | |
| 010 | @a978-7-5505-0422-6@dCNY78.00 | |
| 100 | @a20130409d2013 em y0chiy50 ea | |
| 101 | 0 | @achi |
| 102 | @aCN@b210000 | |
| 105 | @aac z 000yy | |
| 200 | 1 | @a开演前后@Akai yan qian hou@e我所亲历的演出活动@eMy experiences with the performances@f徐横夫著 |
| 210 | @a大连@c大连出版社@d2013 | |
| 215 | @a384页@c图, 肖像@d24cm | |
| 314 | @a徐横夫, 资深演出家, 音乐曲目学家。 | |
| 330 | @a本书对2000年至2010年间在大连举办的上百场重要的音乐演出活动, 做了真实而生动的记录, 有音乐知识的解读, 有台前幕后的故事, 有作者的观察与感悟。全书图文并茂, 文字精练、隽永, 以一个开放的国际化城市为标本, 反映了当代文化产业大发展的背景下音乐演出市场的繁荣。 | |
| 517 | 1 | @a我所亲历的演出活动@Awo suo qin li de yan chu huo dong |
| 606 | 0 | @a音乐@Ayin yue@x舞台演出@x概况@y大连市 |
| 690 | @aJ692.4@v5 | |
| 690 | @aJ692@v4 | |
| 701 | 0 | @a徐横夫@Axu heng fu@4著 |
| 801 | 0 | @aCN@b湖北三新@c20130314 |
| 905 | @aZUCC@dJ692@e2 | |
| 开演前后:我所亲历的演出活动:My experiences with the performances/徐横夫著.-大连:大连出版社,2013 |
| 384页:图, 肖像;24cm |
| ISBN 978-7-5505-0422-6:CNY78.00 |
| 本书对2000年至2010年间在大连举办的上百场重要的音乐演出活动, 做了真实而生动的记录, 有音乐知识的解读, 有台前幕后的故事, 有作者的观察与感悟。全书图文并茂, 文字精练、隽永, 以一个开放的国际化城市为标本, 反映了当代文化产业大发展的背景下音乐演出市场的繁荣。 |
| ● |
| 相关链接 |
|
|
|
正题名:开演前后
索取号:J692/2
 
预约/预借
| 序号 | 登录号 | 条形码 | 馆藏地/架位号 | 状态 | 备注 |
| 1 | 2001355560 | 2001355560 | 617书库/ [索取号:J692/2] | 在馆 | |
| 2 | 2001355561 | 2001355561 | 617书库/ [索取号:J692/2] | 在馆 | |
| 3 | 2001355562 | 2001355562 | 617书库/ [索取号:J692/2] | 在馆 | |
| 4 | 2001355563 | 2001355563 | 617书库/ [索取号:J692/2] | 在馆 | |
| 5 | 2001355564 | 2001355564 | 617书库/ [索取号:J692/2] | 在馆 | |
| 6 | 2001355565 | 2001355565 | 617书库/ [索取号:J692/2] | 在馆 | |
| 7 | 2001355566 | 2001355566 | 617书库/ [索取号:J692/2] | 在馆 | |
| 8 | 2001355567 | 2001355567 | 617书库/ [索取号:J692/2] | 在馆 | |
| 9 | 2001355568 | 2001355568 | 617书库/ [索取号:J692/2] | 在馆 | |
| 10 | 2001355569 | 2001355569 | 617书库/ [索取号:J692/2] | 在馆 | |
| 11 | 2001355570 | 2001355570 | 617书库/ [索取号:J692/2] | 在馆 | |
| 12 | 2001355571 | 2001355571 | 617书库/ [索取号:J692/2] | 在馆 | |
| 13 | 2001355572 | 2001355572 | 617书库/ [索取号:J692/2] | 在馆 | |
| 14 | 2001355573 | 2001355573 | 617书库/ [索取号:J692/2] | 在馆 | |
| 15 | 2001355574 | 2001355574 | 617书库/ [索取号:J692/2] | 在馆 | |
| 16 | 2001355575 | 2001355575 | 617书库/ [索取号:J692/2] | 在馆 | |
| 17 | 2001355887 | 2001355887 | 617书库/ [索取号:J692/2] | 在馆 | |
| 18 | 2001355888 | 2001355888 | 617书库/ [索取号:J692/2] | 在馆 | |
| 19 | 2001355889 | 2001355889 | 617书库/ [索取号:J692/2] | 在馆 | |
| 20 | 2001355890 | 2001355890 | 617书库/ [索取号:J692/2] | 在馆 | |
| 21 | 2001355891 | 2001355891 | 617书库/ [索取号:J692/2] | 在馆 | |
| 22 | 2001355892 | 2001355892 | 617书库/ [索取号:J692/2] | 在馆 | |
| 23 | 2001355893 | 2001355893 | 617书库/ [索取号:J692/2] | 在馆 | |
| 24 | 2001355894 | 2001355894 | 617书库/ [索取号:J692/2] | 在馆 | |
| 25 | 2001355895 | 2001355895 | 617书库/ [索取号:J692/2] | 在馆 | |
| 26 | 2001355896 | 2001355896 | 617书库/ [索取号:J692/2] | 在馆 | |
| 27 | 2001355897 | 2001355897 | 617书库/ [索取号:J692/2] | 在馆 | |
| 28 | 2001355898 | 2001355898 | 617书库/ [索取号:J692/2] | 在馆 | |
| 29 | 2001355899 | 2001355899 | 617书库/ [索取号:J692/2] | 在馆 | |
| 30 | 2001355900 | 2001355900 | 617书库/ [索取号:J692/2] | 在馆 |